000 00291nam a2200109Ia 4500
008 220120s9999||||xx |||||||||||||| ||und||
100 _aSharma, Paritosh
_911785
245 0 _aMarketing management
260 _aDhanpat rai publications
_bNew Delhi
_c2012
300 _b0
650 _aMECHANICHAL
999 _c137187
_d137187